[Event "Montigny le Bretonneux op 17th"]
[Site "Montigny le Bretonneux"]
[Date "2013.05.19"]
[Round "6"]
[White "Duval, Dominique"]
[Black "Francois, Jean Claude"]
[Result "1-0"]
[WhiteElo "1780"]
[BlackElo "1823"]
[PlyCount "67"]
[EventDate "2013.05.18"]
[EventType "swiss"]
[EventRounds "9"]
[EventCountry "FRA"]
[SourceTitle "EXT 2014"]
[Source "ChessBase"]
[SourceDate "2013.11.20"]
[SourceVersion "1"]
[SourceVersionDate "2013.11.20"]
[SourceQuality "1"]

1. d4 d5 2. Nf3 Nf6 3. e3 g6 4. Bd3 Bg7 5. b3 Nbd7 6. Bb2 0-0 7. Nbd2 a6 8. 0-0 Re8 9. Rc1 b5 10. Ne5 Bb7 11. f3 Nxe5 12. dxe5 Nd7 13. f4 Nc5 14. Qe2 Nxd3 15. cxd3 Rc8 16. b4 e6 17. Nb3 Bf8 18. Nc5 Bxc5 19. Rxc5 c6 20. Qf3 a5 21. Bc3 axb4 22. Bxb4 Ra8 23. a3 h5 24. g4 hxg4 25. Qxg4 Kg7 26. Rc2 Rh8 27. Rg2 Qh4 28. Qxh4 Rxh4 29. Be7 Rh3 30. Rg3 Rxg3+ 31. hxg3 Rc8 32. Rf2 Rc7 33. Bf6+ Kf8 34. Rh2 1-0

[Event "Montigny le Bretonneux op 17th"]
[Site "Montigny le Bretonneux"]
[Date "2013.05.18"]
[Round "4"]
[White "Francois, Jean Claude"]
[Black "Etrog, Jonathan"]
[Result "0-1"]
[WhiteElo "1823"]
[BlackElo "2210"]
[PlyCount "88"]
[EventDate "2013.05.18"]
[EventType "swiss"]
[EventRounds "9"]
[EventCountry "FRA"]
[SourceTitle "EXT 2014"]
[Source "ChessBase"]
[SourceDate "2013.11.20"]
[SourceVersion "1"]
[SourceVersionDate "2013.11.20"]
[SourceQuality "1"]

1. c4 c5 2. Nc3 Nc6 3. e4 g6 4. d3 Bg7 5. Nf3 d6 6. Be2 Nf6 7. Bd2 0-0 8. h3 Rb8 9. Qc1 e6 10. Bh6 d5 11. Bxg7 Kxg7 12. cxd5 exd5 13. exd5 Nxd5 14. Nxd5 Qxd5 15. Qc3+ Kg8 16. 0-0 Bf5 17. Rfe1 Rbd8 18. a3 Nd4 19. Nxd4 Qxd4 20. Qxd4 Rxd4 21. Bf3 Rxd3 22. Bxb7 Rb8 23. Re7 Rd7 24. Rxd7 Bxd7 25. Bd5 Rxb2 26. Rc1 Rb5 27. Rc3 Kf8 28. Rf3 Be8 29. Be4 Rb1+ 30. Kh2 Rc1 31. Bd5 c4 32. Kg3 Ke7 33. Re3+ Kd8 34. Kf3 c3 35. Rd3 Ke7 36. Re3+ Kd6 37. Rxe8 Kxd5 38. Rc8 Kd4 39. Ke2 Ra1 40. Rd8+ Kc4 41. Rc8+ Kb3 42. Rc7 c2 43. Rb7+ Ka4 44. Rxa7+ Kb5 0-1

[Event "Montigny le Bretonneux Noel op 10th"]
[Site "Montigny le Bretonneux"]
[Date "2007.12.28"]
[Round "4"]
[White "Brisson, Pascal"]
[Black "Francois, Jean Claude"]
[Result "1/2-1/2"]
[WhiteElo "1890"]
[BlackElo "1795"]
[PlyCount "49"]
[EventDate "2007.12.26"]
[EventType "swiss"]
[EventRounds "7"]
[EventCountry "FRA"]
[SourceTitle "CBM 122 Extra"]
[Source "ChessBase"]
[SourceDate "2008.03.04"]
[SourceVersion "1"]
[SourceVersionDate "2008.03.04"]
[SourceQuality "1"]

1. d4 d5 2. c4 c6 3. Nf3 h6 4. Nc3 Nf6 5. h3 e6 6. Bf4 Bb4 7. Qb3 a5 8. a3 dxc4 9. Qxc4 b5 10. Qd3 Bxc3+ 11. bxc3 Ba6 12. Qc2 Qe7 13. e3 0-0 14. Bd3 b4 15. axb4 axb4 16. Bxa6 Nxa6 17. 0-0 Nd5 18. cxb4 Naxb4 19. Qc4 Rxa1 20. Rxa1 Nxf4 21. exf4 Rd8 22. Rb1 Nd5 23. Qxc6 Nxf4 24. Qe4 Ng6 25. Rb7 1/2-1/2

[Event "Montigny le Bretonneux Noel op 09th"]
[Site "Montigny le Bretonneux"]
[Date "2006.12.27"]
[Round "3"]
[White "Jean, Robert"]
[Black "Francois, Jean Claude"]
[Result "1/2-1/2"]
[WhiteElo "1871"]
[BlackElo "1814"]
[PlyCount "116"]
[EventDate "2006.12.27"]
[EventType "swiss"]
[EventRounds "7"]
[EventCountry "FRA"]
[SourceTitle "CBM 116 Extra"]
[Source "ChessBase"]
[SourceDate "2007.03.07"]
[SourceVersion "1"]
[SourceVersionDate "2007.03.07"]
[SourceQuality "1"]

1. c4 c6 2. g3 d5 3. b3 Nf6 4. Bg2 e5 5. Bb2 Bd6 6. d3 d4 7. Nd2 Bf5 8. Qc2 Nbd7 9. Ngf3 h6 10. 0-0 0-0 11. Rfe1 Re8 12. e3 dxe3 13. Rxe3 Ng4 14. Re2 Nc5 15. Ne4 Bxe4 16. dxe4 Qc7 17. Rd1 b6 18. Nh4 Rad8 19. h3 Nf6 20. Nf5 Bf8 21. Red2 Rxd2 22. Rxd2 Ne6 23. Qc3 Ng5 24. Qc2 Bb4 25. Rd1 Ne6 26. a3 Bf8 27. Rd2 c5 28. Ne3 Nd4 29. Qd1 a6 30. a4 a5 31. Nd5 Nxd5 32. exd5 Bd6 33. Kf1 Qe7 34. Rd3 f5 35. Bc1 Rf8 36. Qh5 Qf6 37. f4 e4 38. Re3 Kh7 39. Qd1 g6 40. Bd2 Rd8 41. Bc3 g5 42. fxg5 Qxg5 43. Bd2 Bxg3 44. Rxe4 f4 45. Qg4 Qxg4 46. hxg4 f3 47. Re7+ Kg6 48. Bh3 Bh4 49. Rb7 Rd6 50. Bf4 Rf6 51. Be5 Rf7 52. Rxb6+ Kh7 53. d6 Nc2 54. Rb8 Ne3+ 55. Kg1 f2+ 56. Kh2 f1Q 57. Rh8+ Kg6 58. Rg8+ Kh7 1/2-1/2

[Event "Montigny le Bretonneux Noel op 08th"]
[Site "Montigny le Bretonneux"]
[Date "2005.12.30"]
[Round "6"]
[White "Francois, Jean Claude"]
[Black "Dumesnil, Alain"]
[Result "1-0"]
[WhiteElo "1835"]
[BlackElo "1430"]
[PlyCount "143"]
[EventDate "2005.12.26"]
[EventType "swiss"]
[EventRounds "7"]
[EventCountry "FRA"]
[SourceTitle "CBM 110 Extra"]
[Source "ChessBase"]
[SourceDate "2006.03.10"]
[SourceVersion "2"]
[SourceVersionDate "2006.03.10"]
[SourceQuality "1"]

1. d4 c6 2. g3 d5 3. Bg2 Nf6 4. Nc3 Bf5 5. Bf4 e6 6. a3 c5 7. e3 Nc6 8. Bg5 Be7 9. Nge2 c4 10. Nf4 Qa5 11. 0-0 Ne4 12. Nxe4 Bxe4 13. Bxe7 Bxg2 14. Bb4 Nxb4 15. axb4 Qxb4 16. Kxg2 a6 17. Rb1 0-0 18. h4 b5 19. Qg4 Kh8 20. h5 Rg8 21. Rh1 h6 22. Qh4 Qd6 23. c3 e5 24. Ne2 a5 25. dxe5 Qxe5 26. Qf4 Qe7 27. Nd4 b4 28. Nf5 Qf6 29. Rbd1 Rgd8 30. Nd4 Qxf4 31. gxf4 Rd7 32. Ra1 b3 33. Ra4 Kg8 34. Rha1 Rda7 35. Nb5 Re7 36. Rxa5 Rxa5 37. Rxa5 Rd7 38. Kf3 f5 39. Nd4 Kf7 40. Nxf5 Kf6 41. Nh4 Rd6 42. Ng6 Rd8 43. Kg4 Re8 44. Rxd5 Ra8 45. Rd6+ Kf7 46. Ne5+ Ke7 47. Rc6 Ra2 48. Nxc4 Ra1 49. Rb6 Rg1+ 50. Kf3 Rh1 51. Rb5 Kf6 52. Nd2 g5 53. fxg5+ hxg5 54. Ne4+ Kg7 55. Rxg5+ Kh6 56. Rb5 Rg1 57. Ng3 Kh7 58. Rxb3 Ra1 59. Rb6 Ra4 60. b4 Kh8 61. h6 Ra7 62. c4 Rf7+ 63. Ke2 Rc7 64. c5 Rd7 65. Nf5 Rf7 66. e4 Rf8 67. c6 Rf6 68. b5 Re6 69. f3 Rg6 70. Rb8+ Kh7 71. c7 Rg8 72. Rxg8 1-0

[Event "Montigny le Bretonneux Noel op 08th"]
[Site "Montigny le Bretonneux"]
[Date "2005.12.27"]
[Round "3"]
[White "Duc, Marie Christine"]
[Black "Francois, Jean Claude"]
[Result "1/2-1/2"]
[WhiteElo "1490"]
[BlackElo "1835"]
[PlyCount "48"]
[EventDate "2005.12.26"]
[EventType "swiss"]
[EventRounds "7"]
[EventCountry "FRA"]
[SourceTitle "CBM 110 Extra"]
[Source "ChessBase"]
[SourceDate "2006.03.10"]
[SourceVersion "2"]
[SourceVersionDate "2006.03.10"]
[SourceQuality "1"]

1. d4 d5 2. c4 c6 3. Nf3 h6 4. Qb3 e6 5. g3 Nf6 6. Bg2 Bd6 7. Bf4 Bxf4 8. gxf4 0-0 9. 0-0 Nbd7 10. Nbd2 dxc4 11. Qxc4 Nb6 12. Qc2 Nbd5 13. e3 Bd7 14. Ne5 Rc8 15. Qb3 Rc7 16. a3 Bc8 17. Rac1 Qe7 18. Ndc4 c5 19. dxc5 Rxc5 20. Nd3 Rc7 21. Nce5 b6 22. e4 Rxc1 23. Rxc1 Nc7 24. Nc6 Qd7 1/2-1/2

[Event "Elancourt op"]
[Site "Elancourt"]
[Date "2005.04.29"]
[Round "8"]
[White "Appavou, Calixte"]
[Black "Francois, Jean Claude"]
[Result "1-0"]
[WhiteElo "1960"]
[BlackElo "1900"]
[PlyCount "123"]
[EventDate "2005.04.23"]
[EventType "swiss"]
[EventRounds "9"]
[EventCountry "FRA"]
[SourceTitle "CBM 105 Extra"]
[Source "ChessBase"]
[SourceDate "2005.05.01"]
[SourceVersion "1"]
[SourceVersionDate "2005.05.01"]
[SourceQuality "1"]

1. e4 e5 2. Bc4 d6 3. c3 Nf6 4. d3 Be7 5. Ne2 Be6 6. Nd2 Bxc4 7. Nxc4 Nc6 8. f4 b5 9. Ne3 exf4 10. Nxf4 Ne5 11. 0-0 0-0 12. Nf5 c6 13. h3 Ng6 14. Qf3 a5 15. h4 Nxf4 16. Bxf4 Qd7 17. Nxe7+ Qxe7 18. Bg5 Rae8 19. Bxf6 gxf6 20. Qxf6 Qa7+ 21. Qf2 Qxf2+ 22. Rxf2 Re6 23. Raf1 f6 24. Rf5 Kg7 25. a4 Rb8 26. axb5 Rxb5 27. Rxb5 cxb5 28. Rf5 Re5 29. Kf2 b4 30. cxb4 axb4 31. Ke3 Re7 32. Rb5 Kg6 33. g4 h6 34. h5+ Kf7 35. Rxb4 d5 36. Rd4 dxe4 37. Rxe4 Rb7 38. b4 Rb5 39. Kd2 Kg7 40. Kc3 f5 41. Rf4 fxg4 42. Rxg4+ Kf7 43. Rh4 Rg5 44. Kc4 Ke7 45. b5 Kd7 46. Rd4+ Kc7 47. Rd5 Rg1 48. Rf5 Rc1+ 49. Kd4 Kb6 50. Rf6+ Kxb5 51. Rxh6 Rh1 52. Ke5 Rh4 53. d4 Rg4 54. Rg6 Rh4 55. h6 Rh5+ 56. Kd6 Kc4 57. Ke6 Kxd4 58. Kf6 Rd5 59. h7 Rd6+ 60. Kg5 Rd5+ 61. Kg4 Rd8 62. Rg8 1-0

[Event "Montigny le Bretonneux Noel op 07th"]
[Site "Montigny le Bretonneux"]
[Date "2004.12.27"]
[Round "2"]
[White "Riazuelo, Gilles"]
[Black "Francois, Jean Claude"]
[Result "1-0"]
[WhiteElo "2096"]
[BlackElo "1939"]
[PlyCount "59"]
[EventDate "2004.12.??"]
[EventType "swiss"]
[EventRounds "7"]
[EventCountry "FRA"]
[SourceTitle "EXT 2006"]
[Source "ChessBase"]
[SourceDate "2005.11.24"]
[SourceVersion "1"]
[SourceVersionDate "2005.11.24"]
[SourceQuality "1"]

1. e4 g6 2. Nc3 Bg7 3. f4 e6 4. Nf3 Ne7 5. g3 0-0 6. Bg2 b6 7. 0-0 Bb7 8. d3 d6 9. Be3 Nd7 10. Qd2 Rb8 11. Rae1 a6 12. g4 f5 13. Ng5 Rf6 14. exf5 Bxg2 15. Qxg2 gxf5 16. Bf2 Nf8 17. Bd4 Rg6 18. Bxg7 Kxg7 19. Rxe6 Nxe6 20. Nxe6+ Rxe6 21. gxf5+ Kh8 22. fxe6 Qf8 23. Kh1 Qf6 24. Qe4 Rg8 25. Rg1 Rf8 26. Nd5 Nxd5 27. Qxd5 Qxf4 28. e7 Re8 29. Qc6 Rxe7 30. Qa8+ 1-0

[Event "FRA-chT2 0304"]
[Site "France"]
[Date "2004.01.18"]
[Round "6"]
[White "Manet, Eric"]
[Black "Francois, Jean Claude"]
[Result "1-0"]
[WhiteElo "2077"]
[BlackElo "1880"]
[PlyCount "73"]
[EventDate "2003.10.??"]
[EventType "team-tourn"]
[EventRounds "11"]
[EventCountry "FRA"]
[SourceTitle "EXT 2005"]
[Source "ChessBase"]
[SourceDate "2004.11.15"]
[SourceVersion "1"]
[SourceVersionDate "2004.11.15"]
[SourceQuality "1"]

1. e4 e5 2. Nf3 Nc6 3. Bb5 Nge7 4. 0-0 Ng6 5. d4 exd4 6. Nxd4 Bc5 7. Nxc6 bxc6 8. Bc4 0-0 9. Qh5 Bb6 10. Nc3 d6 11. Kh1 Be6 12. Be2 f5 13. Bg5 Qd7 14. f4 fxe4 15. g4 Bf7 16. Qh3 d5 17. f5 Ne5 18. Rad1 Qe8 19. f6 Bg6 20. fxg7 Rxf1+ 21. Rxf1 Qd7 22. Bf6 Qe6 23. Qg3 Nf7 24. h4 h6 25. h5 Bh7 26. g5 Nxg5 27. Bxg5 hxg5 28. Bg4 Qe7 29. h6 e3 30. Bh5 Be4+ 31. Kh2 d4 32. Nxe4 Qxe4 33. Bf7+ Kh7 34. Qxg5 Qxc2+ 35. Kh3 e2 36. g8Q+ Rxg8 37. Bxg8+ 1-0

[Event "FRA-chT4 0304"]
[Site "Champagne Ardenne"]
[Date "2004.01.18"]
[Round "4"]
[White "Roux, Victoria"]
[Black "Francois, Jean Claude"]
[Result "1-0"]
[WhiteElo "1290"]
[BlackElo "1499"]
[PlyCount "63"]
[EventDate "2003.10.??"]
[EventRounds "6"]
[EventCountry "FRA"]
[SourceTitle "EXT 2005"]
[Source "ChessBase"]
[SourceDate "2004.11.15"]
[SourceVersion "1"]
[SourceVersionDate "2004.11.15"]
[SourceQuality "1"]

1. d4 d5 2. Nf3 Nf6 3. Bf4 Nc6 4. e3 e6 5. Nbd2 Bd6 6. Bxd6 Qxd6 7. c4 0-0 8. Be2 Re8 9. 0-0 h6 10. cxd5 exd5 11. Re1 Nh7 12. Bb5 Bd7 13. e4 Ng5 14. Nxg5 hxg5 15. Qh5 Qf6 16. exd5 Rxe1+ 17. Rxe1 Qf4 18. dxc6 Qxd2 19. Rd1 Qf4 20. cxb7 Rd8 21. Bxd7 Rb8 22. g3 Qf6 23. Re1 Qd8 24. Re8+ Qxe8 25. Bxe8 Rxe8 26. Qxg5 Rb8 27. Qb5 Kh7 28. Qc6 Rd8 29. d5 a5 30. d6 cxd6 31. Qb6 d5 32. Qxd8 1-0

[Event "Montigny le Bretonneux Noel op 06th"]
[Site "Montigny le Bretonneux"]
[Date "2003.12.30"]
[Round "6"]
[White "Francois, Jean Claude"]
[Black "Laurent, Dominique"]
[Result "0-1"]
[WhiteElo "1820"]
[BlackElo "2142"]
[PlyCount "92"]
[EventDate "2003.12.26"]
[EventType "swiss"]
[EventRounds "6"]
[EventCountry "FRA"]
[SourceTitle "CBM 097 Extra"]
[Source "ChessBase"]
[SourceDate "2004.01.13"]
[SourceVersion "1"]
[SourceVersionDate "2004.01.13"]
[SourceQuality "1"]

1. c4 e5 2. e4 Bc5 3. Nf3 Nc6 4. Be2 f5 5. exf5 e4 6. Ne5 Nxe5 7. d4 Bb4+ 8. Nc3 Nd3+ 9. Bxd3 exd3 10. Qh5+ Kf8 11. 0-0 Bxc3 12. bxc3 Nf6 13. Qf3 d5 14. Ba3+ Kf7 15. Rae1 Re8 16. cxd5 d2 17. Re5 Rxe5 18. dxe5 Qxd5 19. Qxd5+ Nxd5 20. e6+ Ke8 21. Rd1 Nxc3 22. Rxd2 Nb1 23. Rd3 Nxa3 24. Rxa3 Ke7 25. g4 a5 26. Rc3 c6 27. h4 a4 28. a3 Ra5 29. Kg2 g6 30. Rf3 gxf5 31. gxf5 Kf6 32. Re3 Re5 33. Rg3 Rxf5 34. e7 Kxe7 35. Re3+ Be6 36. Kg3 Rb5 37. Kf4 Rb3 38. Re4 Rxa3 39. Kg5 Kf7 40. Rf4+ Kg7 41. Re4 h6+ 42. Kf4 Kf6 43. Rd4 Rh3 44. Rd8 Rxh4+ 45. Ke3 a3 46. f4 Bd5 0-1

[Event "Yvelines-ch"]
[Site "Fontenay le Fleury"]
[Date "2003.02.16"]
[Round "7.24"]
[White "Francois, Jean Claude"]
[Black "Cureau, Mathias"]
[Result "1-0"]
[WhiteElo "1740"]
[BlackElo "1630"]
[PlyCount "63"]
[EventDate "2003.02.17"]
[EventType "swiss"]
[EventRounds "7"]
[EventCountry "FRA"]
[SourceTitle "EXT 2004"]
[Source "ChessBase"]
[SourceDate "2003.11.25"]
[SourceVersion "1"]
[SourceVersionDate "2003.11.25"]
[SourceQuality "1"]

1. d4 d5 2. Nf3 Nf6 3. Nc3 e6 4. a3 Nbd7 5. Bf4 a6 6. h3 b6 7. e3 Bb7 8. Be2 c5 9. 0-0 Be7 10. Rb1 Rc8 11. Re1 0-0 12. Qd2 Re8 13. Ne5 Nxe5 14. Bxe5 Bd6 15. Bxd6 Qxd6 16. Bf3 Red8 17. Rbd1 e5 18. dxe5 Qxe5 19. Qd3 Rc7 20. e4 d4 21. Nd5 Nxd5 22. exd5 Qd6 23. c4 Re7 24. Rxe7 Qxe7 25. Kf1 Re8 26. Qd2 Qd6 27. Re1 Rxe1+ 28. Qxe1 Qd8 29. Qe5 Kf8 30. g4 Kg8 31. b4 Bc8 32. Qb8 1-0